Embedded Microcontrollers (Record no. 175)

MARC details
000 -LEADER
Fixed length control field 00424nam a2200169 4500
003 - CONTROL NUMBER IDENTIFIER
Control field SEACOMEC
005 - DATE AND TIME OF LATEST TRANSACTION
Control field 20240417120043.0
008 - FIXED-LENGTH DATA ELEMENTS--GENERAL INFORMATION
Fixed length control field 231007b |||||||| |||| 00| 0 eng d
040 ## - CATALOGING SOURCE
Original cataloging agency SEACOMEC
082 ## - DEWEY DECIMAL CLASSIFICATION NUMBER
Classification number 004.16
Book Number M889
100 1# - MAIN ENTRY--PERSONAL NAME
Personal name Morton, Todd D.
245 1# - TITLE STATEMENT
Title Embedded Microcontrollers
Statement of responsibility Todd D. Morton
260 ## - IMPRINT
Place of publication Delhi
Name of publisher Pearson
Date of publication 2005
650 ## - SUBJECT ADDED ENTRY--TOPICAL TERM
Topical term Computer science
650 ## - SUBJECT ADDED ENTRY--TOPICAL TERM
Topical term Personal computers
942 ## - ADDED ENTRY ELEMENTS (KOHA)
Koha item type Books
Holdings
Withdrawn status Lost status Source of classification Damaged status Not for loan Home library Current library Date acquired Total Checkouts Call number Accession number Date last seen Price effective from Koha item type
    Dewey Decimal Classification     SEACOM ENGINEERING COLLEGE SEACOM ENGINEERING COLLEGE 04/08/2006   004.16 M889 5143 17/04/2024 17/04/2024 Books
© Seacom Engineering College, All rights reserved.      Powered by Koha